The himalayas a journey to nepal (Record no. 40293)
[ view plain ]
| 000 -LEADER | |
|---|---|
| fixed length control field | 00486nam a22001697a 4500 |
| 005 - DATE AND TIME OF LATEST TRANSACTION | |
| control field | 20230826102217.0 |
| 008 - FIXED-LENGTH DATA ELEMENTS--GENERAL INFORMATION | |
| fixed length control field | 160114b xxu||||| |||| 00| 0 eng d |
| 040 ## - CATALOGING SOURCE | |
| Original cataloging agency | Loreto College |
| 082 ## - DDC | ডিউই | |
| Classification number | বর্গসংখ্যা | 915.42 |
| Book Number | গ্রন্থাঙ্ক | KAZ |
| 100 ## - MAIN ENTRY--PERSONAL NAME | মুখ্য সংলেখ - ব্যাক্তিনাম | |
| Personal name | ব্যাক্তিনাম | Kazami ,Takehide |
| Fuller form of name | পূর্ণনাম | Takehide Kazami |
| 245 ## - TITLE STATEMENT | অাখ্যা বিবরণী | |
| Title | অাখ্যা | The himalayas a journey to nepal |
| Sub title | উপঅাখ্যা | ;this beautiful world |
| Statement of responsibility | লেখকের দায়িত্বের বিবরণ | Takehide Kazami |
| 260 ## - IMPRINT | প্রকাশনা ক্ষেত্র | |
| Place of publication | প্রকাশ স্থান | Bombay |
| Name of publisher | প্রকাশকের নাম | Allied publishers |
| 300 ## - PHYSICAL DESCRIPTION | | |
| Page / Vol. No | পৃষ্ঠা / খন্ড সংখ্যা | 154p. |
| 650 ## - SUBJECT ADDED ENTRY--TOPICAL TERM | বিষয় শিরোনাম - মূল বিষয় | |
| Topical term | মূল বিষয় | Geography of & travel in Asia |
| 850 ## - HOLDING INSTITUTION | |
| Holding institution | LCLIB |
| 942 ## - ADDED ENTRY ELEMENTS (KOHA) | |
| Koha item type | Books |
| Withdrawn status | Lost status | Source of classification | Damaged status | Not for loan | Home library | Current library | Date acquired | Total Checkouts | Full call number | Accession No. | Date last seen | Date checked out | Price effective from | Koha item type |
|---|---|---|---|---|---|---|---|---|---|---|---|---|---|---|
| Dewey Decimal Classification | Loreto College | Loreto College | 14/01/2016 | 1 | 915.42 KAZ 26898 | 43914 | 25/02/2019 | 25/02/2019 | 14/01/2016 | Books |